Nghiên cứu phân cấp và phân vùng thích nghi cho cây tiêu ở huyện Phú Quốc tỉnh Kiêng Giang : Luận văn tốt nghiệp cao học. Ngành: Quản lí đất đai
Đề tài thực hiện nghiên cứu đánh giá khả năng thích nghi của cây tiêu đối với điều kiện canh tác tại huyện Phú Quốc, từ đó đối chiếu phân hạng khả năng thích nghi và phân vùng thích nghi đât đai cho cây tiêu. Căn cứ vào các yếu tố giới h...
Tallennettuna:
| Päätekijä: | |
|---|---|
| Aineistotyyppi: | Kirja |
| Kieli: | Undetermined |
| Julkaistu: |
Cần Thơ
Đại học Cần Thơ
2013
|
| Aiheet: | |
| Tagit: |
Lisää tagi
Ei tageja, Lisää ensimmäinen tagi!
|
| Thư viện lưu trữ: | Trung tâm Học liệu Trường Đại học Cần Thơ |
|---|
| LEADER | 01396nam a2200241Ia 4500 | ||
|---|---|---|---|
| 001 | CTU_184520 | ||
| 008 | 210402s9999 xx 000 0 und d | ||
| 082 | |a 633.84 | ||
| 082 | |b E202 | ||
| 088 | |a 60620103 | ||
| 100 | |a Mã, Út Em | ||
| 245 | 0 | |a Nghiên cứu phân cấp và phân vùng thích nghi cho cây tiêu ở huyện Phú Quốc tỉnh Kiêng Giang : | |
| 245 | 0 | |b Luận văn tốt nghiệp cao học. Ngành: Quản lí đất đai | |
| 245 | 0 | |c Mã Út Em ; Lê Văn Khoa hướng dẫn khoa học | |
| 260 | |a Cần Thơ | ||
| 260 | |b Đại học Cần Thơ | ||
| 260 | |c 2013 | ||
| 520 | |a Đề tài thực hiện nghiên cứu đánh giá khả năng thích nghi của cây tiêu đối với điều kiện canh tác tại huyện Phú Quốc, từ đó đối chiếu phân hạng khả năng thích nghi và phân vùng thích nghi đât đai cho cây tiêu. Căn cứ vào các yếu tố giới hạn đã xác định đề xuất các giải pháp nâng cao hiệu quả sản xuất cho cây tiêu tại huyện Phú Quốc. | ||
| 650 | |a Peppers,Kỹ thuật trồng hồ tiêu | ||
| 650 | |x Planting | ||
| 650 | |z Mekong delta | ||
| 904 | |i Võ, Thị Diệu | ||
| 980 | |a Trung tâm Học liệu Trường Đại học Cần Thơ | ||